Quizzes
Events
Quiz Creation
Community
Videos
Private Events
Remove Ads
Sign In
Join for FREE
Feedback
Dark Mode
Quiz Categories
Sports
Geography
Music
Movies
Television
Just For Fun
Miscellaneous
History
Literature
Language
Science
Gaming
Entertainment
Religion
Holiday
For Kids
Quiz Lab
Recent
Popular Today
Quiz Kudos Today
Editor Picks
Curator Picks
Quizzes by...
Day
Popularity
Type
Ratings
Length
Year
Community
Subscriptions
Recent Discussions
Orange Saloon
Badges
Playlists
Quests
Create
Leaderboards
Showdown
Live 5
Trivia Bingo
Activity
Puzzle Library
Sporcle Events
Private Events
Virtual Trivia
Globe League
Become a Host
Pub Owners
SporcleCon
Opinionation
Our Games
Videos
Blog
Mobile Apps
Partnerships
Remove Ads and Go Orange
Feedback
Sports
Athletes
MLB
NBA
NHL
NFL
Soccer
Sports Teams
WWE
NCAA
Football
Premier League
Basketball
Baseball
Hockey
Golf
Tennis
Cricket
Rugby
Auto Racing
Olympics
World Cup
Sports
Athletes
MLB
NBA
NHL
NFL
Soccer
Sports Teams
WWE
NCAA
Football
Premier League
Basketball
Baseball
Hockey
Golf
Tennis
Cricket
Rugby
Auto Racing
Olympics
World Cup
Random Quiz
Search Sporcle
×
Quiz Lab
Quiz Lab
Sports
WWE
Type in answers that appear in a list
Type in answers that appear in a list
Classic
Best Score? Go Orange.
Every Challenger for WWE Championship 1980 - 2014 Stats
Can you name the Every Challenger for WWE Championship 1980 - 2014
By
spark3
14m
190 Questions
447 Plays
447 Plays
447 Plays
Comments
Comments
Give Quiz Kudos
Give Quiz Kudos
-
- Ratings
hide this ad
More Info
Replay
Link that replays current quiz
Next Quiz
Link to next quiz in quiz playlist
You Got
0%
They Got
Avg Score
54%
Avg Friend Score
Upgrade to see
Score Distribution
Jump to the score distribution portion of the page
Score
0/190
Timer
14:00
0
Plays Today
Date of first challenge
Answer
% Correct
02/
07/
1980
Hulk Hogan
97.1%
01/
19/
1992
Shawn Michaels
93.1%
3/
25/
1994
Owen Hart
92.2%
05/
28/
2002
Randy Orton
92.2%
07/
04/
1982
Ric Flair
91.9%
9/
27/
1992
Bret Hart
91.9%
9/
28/
1985
Randy Savage
91.5%
6/
28/
1998
Kane
91.5%
2/
19/
1996
Hunter Hearst Helmsley
91.3%
5/
16/
1998
The Rock
91.3%
05/
01/
1982
Bob Orton
91.1%
11/
13/
1991
The Undertaker
91.1%
09/
02/
2002
Edge
90.4%
04/
12/
2003
John Cena
90.4%
4/
14/
1996
Steve Austin
90.2%
02/
05/
1988
Andre the Giant
89.3%
9/
22/
1996
Mankind
88.8%
8/
23/
1987
Ted DiBiase
88.6%
09/
05/
2000
Christian
88.6%
02/
21/
2010
Ted DiBiase
88.6%
11/
26/
1994
Diesel
88.4%
16/
03/
1999
Paul Wight
88.4%
01/
14/
2011
CM Punk
87.9%
1/
24/
1996
Goldust
87.7%
8/
31/
2009
Cody Rhodes
87%
5/
27/
1980
Dusty Rhodes
86.8%
7/
25/
2000
Kurt Angle
86.1%
4/
17/
2000
Chris Jericho
85.9%
7/
23/
2000
Chris Benoit
85.9%
07/
01/
2002
Jeff Hardy
85.7%
11/
05/
2002
Eddie Guerrero
85.2%
02/
10/
1989
The Ultimate Warrior
84.8%
5/
17/
2009
Batista
84.3%
4/
13/
1998
Vince McMahon
84.1%
11/
01/
1999
Shane McMahon
83.9%
08/
10/
2002
Brock Lesnar
83.9%
03/
25/
2002
Stephanie McMahon
83%
1/
24/
1993
Razor Ramon
82.8%
5/
20/
2012
Daniel Bryan
82.3%
01/
03/
1980
Bob Backlund
82.1%
05/
01/
1980
Hussein Arab
82.1%
07/
01/
1994
The 1-2-3 Kid
81.9%
9/
24/
1996
Justin Bradshaw
81.9%
10/
19/
1984
Roddy Piper
81.7%
01/
19/
1992
The British Bulldog
81.2%
4/
15/
1989
The Big Boss Man
81%
11/
20/
2010
The Miz
80.3%
10/
20/
1980
Sgt. Slaughter
80.1%
11/
13/
2009
Sheamus
79.6%
12/
17/
2001
Rob Van Dam
78.7%
01/
19/
1992
Sid Justice
78.5%
1/
31/
1993
Yokozuna
77.9%
10/
29/
2002
Rey Mysterio
77.6%
6/
24/
1996
Billy Gunn
76.7%
10/
24/
2002
Booker T
75.6%
11/
28/
1996
Faarooq
75.4%
12/
18/
2009
Mark Henry
75.2%
8/
14/
2011
Alberto Del Rio
73.6%
03/
01/
1999
Road Dogg
72.9%
01/
19/
1992
Repo Man
72%
10/
01/
2007
Mr. Kennedy
72%
10/
12/
1985
King Kong Bundy
71.1%
12/
01/
1989
Mr. Perfect
70.9%
06/
05/
1987
The Honky Tonk Man
70.7%
Date of first challenge
Answer
% Correct
4/
29/
1996
Vader
70.7%
12/
30/
1986
Jake Roberts
70.5%
12/
05/
2011
Dolph Ziggler
70.5%
03/
01/
1993
Fatu
70.2%
2/
16/
1996
Jerry Lawler
70.2%
01/
03/
2011
John Morrison
70%
01/
09/
1988
Rick Rude
69.8%
10/
23/
1992
Papa Shango
69.1%
12/
23/
2000
Buh Buh Ray Dudley
68.7%
06/
12/
2001
Spike Dudley
68.7%
1/
21/
1984
Tito Santana
68.2%
09/
06/
2010
Wade Barrett
68.2%
11/
08/
1999
Test
66.9%
02/
21/
2010
Kofi Kingston
66.9%
05/
20/
2007
The Great Khali
66.7%
10/
05/
1988
Bad News Brown
65.1%
6/
15/
1982
Jimmy Snuka
64.9%
8/
15/
1995
King Mabel
64.2%
03/
02/
1981
Greg Valentine
64%
2/
27/
1993
Lex Luger
63.5%
11/
16/
1999
Hardcore Holly
63.3%
10/
11/
1997
Ken Shamrock
62.9%
11/
07/
2000
Crash Holly
62.9%
03/
03/
1984
Paul Orndorff
62%
1/
20/
1991
Jim Duggan
62%
01/
10/
1995
Jeff Jarrett
62%
8/
26/
1987
The One Man Gang
61.5%
01/
19/
1992
Rick Martel
61.5%
9/
22/
1994
Jim Neidhart
61.5%
10/
27/
2006
Umaga
61.5%
09/
07/
2008
Shelton Benjamin
61.5%
07/
05/
1993
Crush
61.1%
01/
19/
1992
Irwin R Schyster
60.9%
09/
07/
2008
MVP
59.3%
3/
23/
1983
John Studd
59.1%
12/
09/
1984
Nikolai Volkoff
58.8%
10/
21/
1988
King Haku
58.6%
05/
11/
1996
Marty Jannetty
58.2%
9/
22/
1980
Harley Race
57.9%
11/
27/
1985
Terry Funk
57.7%
11/
01/
1983
Superstar Billy Graham
57.5%
7/
23/
1980
Don Muraco
56.6%
1/
29/
1993
Bam Bam Bigelow
56.4%
11/
04/
2009
Jack Swagger
56.4%
2/
27/
2001
William Regal
55.3%
06/
24/
2007
Bobby Lashley
54.4%
02/
23/
2014
Cesaro
54.1%
9/
20/
1980
The Hangman
53.9%
5/
27/
2011
R-Truth
53.9%
10/
10/
2000
Val Venis
53%
12/
26/
1984
Brutus Beefcake
52.6%
01/
08/
2006
Carlito
51.5%
10/
12/
2012
Ryback
51%
08/
02/
1991
The Warlord
50.1%
01/
19/
1992
The Barbarian
49.4%
10/
04/
1986
Hercules Hernandez
47.9%
01/
19/
1992
The Texas Tornado
46.8%
11/
08/
1981
Pat Patterson
46.5%
11/
28/
2005
Chris Masters
46.5%
01/
06/
1994
Tatanka
45.9%
11/
30/
1998
Al Snow
45.2%
10/
10/
1988
Dino Bravo
43.8%
01/
19/
1992
Virgil
43%
4/
15/
1992
The Mountie
41.6%
Date of first challenge
Answer
% Correct
08/
05/
2008
Vladimir Kozlov
41.2%
4/
25/
1983
Ivan Koloff
40.3%
5/
1/
980
Ken Patera
40%
12/
29/
1987
Butch Reed
39.8%
4/
17/
1998
Savio Vega
39.6%
09/
07/
2008
The Brian Kendrick
39.1%
8/
30/
1984
Kamala
38.7%
2/
15/
1982
Adrian Adonis
38.3%
8/
16/
2010
Zack Ryder
36.7%
01/
19/
1992
Skinner
36%
3/
24/
1980
Sika
35.3%
3/
13/
1980
Afa
35.1%
2/
13/
1983
Mr Fuji
34.5%
01/
19/
1992
The Berzerker
32%
02/
06/
1982
Jesse Ventura
31.8%
05/
10/
1981
George Steele
30.6%
1/
28/
2001
Maven
29.5%
01/
19/
1992
Jerry Sags
29.1%
03/
07/
1980
Dick Murdoch
27.7%
01/
11/
1982
The Executioner
26.4%
8/
30/
1982
Buddy Rose
26.4%
4/
14/
1982
Blackjack Mulligan
23.3%
8/
29/
1997
The Patriot
23.3%
4/
16/
1980
Antonio Inoki
22.8%
15/
11/
1997
The Brooklyn Brawler
22.8%
1/
27/
1980
Toru Tanaka
22.6%
06/
04/
1980
Stan Hansen
22.4%
04/
10/
2000
Taka Michinoku
21.5%
1/
20/
1984
Chief Jay Strongbow
20.6%
03/
11/
1985
Moondog Spot
20.4%
6/
24/
1984
Moondog Rex
20.1%
6/
13/
1980
Lord Alfred Hayes
19.9%
04/
07/
1982
Masa Saito
19.2%
5/
14/
1980
Larry Zbyszko
19%
05/
01/
2006
Kenny
18.3%
9/
15/
1995
Jean Pierre Lafitte
18.1%
2/
19/
1980
Killer Khan
16.3%
10/
07/
2003
Paul London
16.3%
9/
17/
1995
Waylon Mercy
15.7%
03/
10/
1992
Jim Brunzell
14.8%
8/
31/
1999
Gillberg
13.6%
10/
03/
2005
Eric Bischoff
13.6%
10/
14/
1992
Nailz
13.2%
03/
05/
1984
David Schultz
11.4%
11/
21/
1983
The Masked Superstar
10.7%
3/
27/
1984
Tiger Chun Lee
10.7%
11/
05/
1983
Ray Stevens
9.2%
12/
16/
2003
Shannon Moore
8.7%
9/
15/
1992
Genichiro Tenryu
8.1%
10/
22/
1996
Salvatore Sincere
6.9%
11/
26/
2002
The Fabulous Moolah
6.9%
01/
03/
1980
Swede Hanson
6.5%
01/
01/
1982
Tatsumi Fujinami
6.3%
5/
13/
1980
Jose Estrada
5.4%
01/
11/
1980
Bobby Duncum
4.9%
05/
04/
1981
Angelo Mosca
4%
12/
18/
1995
Buddy Landel
2.7%
07/
07/
1980
Tor Kamata
2%
1/
13/
1980
The Destroyer
1.3%
04/
01/
1991
Yoshiaki Yatsu
0.7%
05/
01/
1980
Tom Andrews
0.4%
04/
05/
1981
Hiro Matsuda
0.2%
Quiz Playlist
Details
Report
Send in Message
Add To Playlist
More Info:
Includes House Show and Dark Matches
Classic:
Type in answers that appear in a list
Quiz Source
Last Updated: Feb 16, 2017
Quiz Scoreboard
CHALLENGE
Sign Up to Join the Scoreboard
Show All
Scores
Hide
Comments
May contain spoilers
Recently Published
Presidents Visiting Landmarks
by Hejman
History
7m
An Introduction to Baseball
by treessimontrees
Sports
5m
Movies - When Are They Set?
by FPL_Elf
Movies
5m
More to Explore
Quiz From the Vault
Featured Blog Post
Where Did the Easter Bunny Come From?
hide this ad
You Might Also Like...
Tags
WWE Quiz
1980
2014
challenge
Challenger
date
Today's Top Quizzes in Sports
Browse Sports
hide this ad
Today's Top Quizzes in WWE
Browse WWE
Top Contributed Quizzes in Sports
1
Les meilleurs buteurs des matchs entre le PSG et l’OM
2
2022 World Cup Stars
3
FIFA Club World Cup Champions
4
Les entraîneurs de l'OM et du PSG au 21e siècle
5
Name the Premier League winners with different clubs
6
La finale Lions - Afrique du Sud 2021
7
England Test cricketers to play under Nasser Hussain
8
5-to-1: UK Sports Teams
9
Les joueurs passés par le LOSC et le RC Lens
10
Criteria MLB: Left Handed Sluggers
Explore More
Trending Topics
Anime
NBA
Harry Potter
Disney
Marvel
Crossword
Kpop
Soccer
The Office
Pokémon
Song
Puzzle
WWE
NFL
Country
hide this ad
More By:
spark3
Quiz
Plays
Rating
Category
Featured
Created
WWE Greatest Matches (Wrestling Observer)
18,161
4.18
Sports
Feb 18, 2012
Appearances on both WWE Raw and WCW Nitro
12,630
3.98
Sports
Jan 18, 2012
Pro Wrestling World Champions - (Clickable Game)
6,266
3.43
Sports
Apr 1, 2012
Wrestled on both a WWE and WCW PPV
5,510
3.81
Sports
Jan 20, 2012
WWE 2000s Roster Scramble
5,297
4.05
Sports
Mar 19, 2012
Go to Creator's Profile
Score Distribution
Quiz Creator Spotlight
spark3
Follow
Send a Message
Quizzes Created
-
Created Quiz Play Count
-
More By This Creator
Popular Quizzes Today
1
Find the US States - No Outlines Minefield
2
Find the Countries of Europe - No Outlines Minefield
3
The Countries of the World
4
Popular People in 1961
5
Find the US States
6
US States
7
Risky Map Clicking: Biggest States A-Z
8
1-10 Letter E Words III
More Sports Quizzes
Who Am I? Sports Edition
Curator's Pick
Trending Quizzes
Risky Map Clicking: Least Populous States A-Z
1-10 Letter G Words
1-10 Letter F Words
One Thing in Common: United Kingdom
Risky Map Clicking: Next State Alphabetically
Recently Updated
Leaping Animals
pecheneg
Reality TV Shows (A-Z)
bhenderson79
Rickey Henderson's Hall of Fame Teammates
pecheneg
Champions League XIs: Arsenal
pecheneg
Quick Pick: Celebrities in WWE's Hall of Fame
aduchscher
A-Z Keypad Blitz II
pecheneg
Multiple Oscar Actors
pecheneg
Mystery Phrase Blitz: Oscar 'Best Actors'
pecheneg
F. Scott Fitzgerald Novels
LTH
Pick 3 Villains
ddd62291
Trending Topics
Anime
Kpop
Harry Potter
Disney
NBA
Marvel
Crossword
Soccer
The Office
Pokémon
NFL
WWE
Country
Puzzle
Song
Your Account Isn't Verified!
In order to create a playlist on Sporcle, you need to verify the email address you used during registration. Go to your
Sporcle Settings
to finish the process.
Report this User
Report this user for behavior that violates our
Community Guidelines
.
Details:
Send Report
Go to the Sporcle.com Mobile Site →
Comments